Municipalities of the Marshall Islands with a Map - Statistics

General Stats
  • This quiz has been taken 964 times
  • The average score is 10 of 24
Answers on the Map
Answers color-coded by a green-red scale on the quiz's map according to % correct below.
 
Answer Stats
Municipality % Correct
Majuro
77%
Kili / Bikini / Ejit
67%
Ailinglaplap
47%
Lib
47%
Lae
45%
Arno
44%
Enewetok / Ujelang
44%
Aur
43%
Ebon
43%
Kwajalein
41%
Mili
41%
Rongelap
41%
Ujae
41%
Wotho
40%
Wotje
39%
Namu
38%
Likiep
35%
Ailuk
34%
Maloelap
34%
Namorik
34%
Utirik
34%
Jaluit
32%
Mejit
31%
Jabat
30%
No matching quizzes found
Score Distribution
Percent of People with Each Score
Percentile by Number Answered
Your Score History
You have not taken this quiz